000 00319nam a22001337a 4500
020 _a978-93-5084-098-6
041 _aENG
100 _aRajan .T
245 _aStatistcal Methods Of Prganizational Research
260 _aNew Delhi
_bCentrum Press
_c2014
300 _a320
650 _aGAE
856 _uNot to be Issued
999 _c2533
_d2533